000 00797nam a2200241Ia 4500
003 OSt
005 20220925222314.0
006 a|||||r|||| 00| 0
007 ta
008 220923b |||||||| |||| 00| 0 eng d
020 _a9780230369108
_c4658.6800000000003
037 _b37724, 17/05/2013, Segment Book Distrobutors
_cGeneral Book
040 _aRTL
_cRTL
_beng
041 _2eng
_aeng
082 _aX, Q2
100 _aDOW Sheila C.
_9269628
245 0 _aFoundations for new economic thinking
_b A collection of essays
260 _aLondon
_bPalgrave Macmillan
_c2012
300 _axii,263p. Bibliography: P 236-56
_ccm.
650 _aEconomics
942 _hX, Q2
_cGB
_2CC
999 _c576645
_d576645